00619 2200217 4500001002100000005001700021008004100038035002400079090001800103100002300121245008200144250001100226260003700237300001800274500002900292650002900321850001500350985000600365999001500371999001500386YOGYA-0209000002871520090227024246.0 ind  0010-020900000028715 a364bKus AlT aKUSUMAH, Mulyana W aAnalisa kriminologi tentang kejahatan-kejahatan kekerasancMulyana W. Kusumah aCet. 1 aJakartabGhalia Indonesiac[s.a] a64 hlmc21 cm aBibliografi : hlm. 63-64 aKejahatan dan Penjahatan aYOPDYOG(B) a2 a96P0087340 a96P0087342